[Event "Kuwait IEFS op 1st"]
[Site "Kuwait"]
[Date "2018.10.27"]
[Round "7"]
[White "Gabr, Mohamed A"]
[Black "Caysidon, Arpon Philip"]
[Result "1/2-1/2"]
[WhiteElo "1953"]
[BlackElo "1939"]
[PlyCount "74"]
[EventDate "2018.10.19"]
[EventType "swiss"]
[EventRounds "8"]
[EventCountry "KUW"]
[SourceTitle "CBM 187 Extra"]
[Source "ChessBase"]
[SourceDate "2018.11.04"]
[SourceVersion "1"]
[SourceVersionDate "2018.11.04"]
[SourceQuality "1"]

1. d4 d5 2. Nf3 c6 3. e3 Bf5 4. Be2 e6 5. 0-0 Nd7 6. b3 Ngf6 7. Bb2 Bd6 8. Nbd2 h6 9. c4 0-0 10. Rc1 Qe7 11. c5 Bc7 12. b4 a6 13. Ne5 Ne4 14. Nxe4 Bxe4 15. f3 Bh7 16. f4 f6 17. Nf3 e5 18. g3 Rae8 19. Rf2 g5 20. fxg5 e4 21. Nd2 fxg5 22. Qf1 Qe6 23. Qg2 Rxf2 24. Qxf2 Rf8 25. Qg2 g4 26. Rf1 Bd8 27. Rxf8+ Nxf8 28. Qf2 Bg5 29. Nb3 h5 30. Na5 Qd7 31. h4 Bd8 32. Qf4 Bxa5 33. bxa5 Qf5 34. Qb8 Qf7 35. Bc3 Bg6 36. Be1 Kg7 37. Qe5+ Qf6 1/2-1/2

[Event "Kuwait IEFS op 1st"]
[Site "Kuwait"]
[Date "2018.10.20"]
[Round "2"]
[White "Caysidon, Arpon Philip"]
[Black "Farouk, Hany"]
[Result "0-1"]
[WhiteElo "1939"]
[BlackElo "1704"]
[PlyCount "156"]
[EventDate "2018.10.19"]
[EventType "swiss"]
[EventRounds "8"]
[EventCountry "KUW"]
[SourceTitle "CBM 187 Extra"]
[Source "ChessBase"]
[SourceDate "2018.11.04"]
[SourceVersion "1"]
[SourceVersionDate "2018.11.04"]
[SourceQuality "1"]

1. d4 g6 2. Bf4 Bg7 3. e3 d6 4. Nf3 Nd7 5. h3 e5 6. Bh2 Qe7 7. Be2 Nh6 8. c3 f5 9. Nbd2 Nf7 10. b4 0-0 11. 0-0 g5 12. Ne1 Nf6 13. Bc4 Be6 14. Bxe6 Qxe6 15. Qb3 Qe7 16. Nef3 Kh8 17. Nc4 e4 18. Nfd2 h5 19. Kh1 Bh6 20. Rae1 Rg8 21. Rg1 Rg6 22. Nf1 Rag8 23. Ng3 Qd7 24. Nd2 R8g7 25. Qd1 g4 26. h4 d5 27. c4 c6 28. a4 f4 29. exf4 Bxf4 30. c5 Nh6 31. Ndf1 Qd8 32. Ne3 Rf7 33. Ngf1 Bxh2 34. Nxh2 g3 35. fxg3 Rxg3 36. Rgf1 Rfg7 37. Rf4 Nfg4 38. Nexg4 Nxg4 39. Re2 Qxh4 40. Qg1 e3 41. Rxe3 Qxh2+ 42. Qxh2 Nxh2 43. Rxg3 Rxg3 44. Kxh2 Rb3 45. b5 Rb4 46. bxc6 bxc6 47. Rh4 Rxa4 48. Rxh5+ Kg7 49. Rh4 Rb4 50. Rg4+ Kf6 51. Rf4+ Kg5 52. Rf7 Rxd4 53. Rxa7 Rh4+ 54. Kg3 Rc4 55. Ra5 Kf5 56. Kf3 d4 57. g4+ Ke5 58. g5 Rc3+ 59. Kf2 Kf5 60. Ra4 Rxc5 61. Rxd4 Kxg5 62. Ke3 Kf5 63. Kd3 Ke5 64. Rh4 Kd6 65. Kd4 Rc1 66. Rg4 Kc7 67. Rh4 Kb6 68. Rh5 c5+ 69. Kd3 Kb5 70. Kd2 Rg1 71. Kc3 Rg3+ 72. Kc2 Kb4 73. Rh4+ c4 74. Rf4 Rg2+ 75. Kc1 Kb3 76. Rf8 Rg1+ 77. Kd2 c3+ 78. Kd3 Rd1+ 0-1

[Event "KUW-ch"]
[Site "Kuwait"]
[Date "2017.08.10"]
[Round "7"]
[White "Caysidon, Arpon Philip"]
[Black "Alshourfaa, Hazaa"]
[Result "1-0"]
[WhiteElo "1878"]
[BlackElo "1848"]
[PlyCount "61"]
[EventDate "2017.08.02"]
[EventType "tourn"]
[EventRounds "7"]
[EventCountry "KUW"]
[SourceTitle "CBM 180 Extra"]
[Source "ChessBase"]
[SourceDate "2017.10.06"]
[SourceVersion "1"]
[SourceVersionDate "2017.10.06"]
[SourceQuality "1"]

1. d4 d5 2. Bf4 Nc6 3. c3 Bg4 4. h3 Bh5 5. Nd2 e6 6. Ngf3 Bd6 7. Bxd6 Qxd6 8. e3 0-0-0 9. Be2 Nge7 10. b4 Kb8 11. a4 Bxf3 12. Bxf3 e5 13. 0-0 g5 14. Nb3 Rdg8 15. Bh5 f5 16. b5 Nd8 17. f3 Ne6 18. Bf7 Rg7 19. Bxe6 Qxe6 20. Nc5 Qc8 21. dxe5 g4 22. fxg4 fxg4 23. hxg4 Rxg4 24. e6 Rg6 25. Qd4 Rhg8 26. Ra2 c6 27. Nd7+ Ka8 28. a5 Rxe6 29. Nb6+ axb6 30. axb6+ Kb8 31. Qf4+ 1-0